Sports Quiz

Random Sports or Basketball Quiz
Score 0/10 Timer 05:00
0 Plays Today
% Correct
Luigi Datome
83%
Ricky Rubio
79.8%
Jonas Valanciunas
70.2%
Joffrey Lauvergne
50%
Bojan Dubljevic
22.3%
Przemyslaw Karnowski
18.1%
Marko Popovic
12.8%
Zanis Peiners
10.6%
Jean-Marc Mwema
9.6%
Gareth Murray
7.4%
Remove Ads.
Support Sporcle.
Get the best of Sporcle when you Go Orange. This ad-free experience offers more features, more stats, and more fun while also helping to support Sporcle. Thank you for becoming a member.

You're not logged in!

Compare scores with friends on all Sporcle quizzes.
OR
Log In

Show Comments

Extras

Top Quizzes Today


Score Distribution

Your Account Isn't Verified!

In order to create a playlist on Sporcle, you need to verify the email address you used during registration. Go to your Sporcle Settings to finish the process.

Report this User

Report this user for behavior that violates our Community Guidelines.

Details: